Commentary, practical and explanatory, on the whole Bible (Record no. 5484)
[ view plain ]
| 000 -LEADER | |
|---|---|
| fixed length control field | 00674cam a2200229u 4500 |
| 001 - CONTROL NUMBER | |
| control field | 8900822 |
| 003 - CONTROL NUMBER IDENTIFIER | |
| control field | GBCCL |
| 005 - DATE AND TIME OF LATEST TRANSACTION | |
| control field | 20241126110543.0 |
| 008 - FIXED-LENGTH DATA ELEMENTS--GENERAL INFORMATION | |
| fixed length control field | 820219s1961 miu 000 0 eng |
| 010 ## - | |
| -- | 61016236 |
| 040 ## - CATALOGING SOURCE | |
| Original cataloging agency | DLC |
| Transcribing agency | CarP |
| Modifying agency | DLC |
| 050 00 - | |
| -- | BS491 |
| -- | .J33 |
| 082 ## - DEWEY DECIMAL CLASSIFICATION NUMBER | |
| Classification number | 220.7 |
| Item number | JAM |
| 100 1# - MAIN ENTRY--PERSONAL NAME | |
| Personal name | Jamieson, Robert, |
| Dates associated with a name | 1802-1889. [from old catalog] |
| 9 (RLIN) | 9872 |
| 245 00 - TITLE STATEMENT | |
| Title | Commentary, practical and explanatory, on the whole Bible |
| 250 ## - EDITION STATEMENT | |
| Edition statement | [New ed.] |
| 260 ## - PUBLICATION, DISTRIBUTION, ETC. | |
| Place of publication, distribution, etc. | Grand Rapids, |
| Name of publisher, distributor, etc. | Zondervan Pub. House, |
| Date of publication, distribution, etc. | 1961. |
| 300 ## - PHYSICAL DESCRIPTION | |
| Extent | 1591 p. |
| Dimensions | 25 cm. |
| 630 00 - SUBJECT ADDED ENTRY--UNIFORM TITLE | |
| Uniform title | Bible |
| Form subdivision | Commentaries. |
| 9 (RLIN) | 200 |
| 906 ## - LOCAL DATA ELEMENT F, LDF (RLIN) | |
| a | 0 |
| b | cbc |
| c | premunv |
| d | u |
| e | ncip |
| f | 19 |
| g | y-gencatlg |
| 942 ## - ADDED ENTRY ELEMENTS (KOHA) | |
| Source of classification or shelving scheme | Dewey Decimal Classification |
| Koha item type | Books |
| Withdrawn status | Lost status | Source of classification or shelving scheme | Damaged status | Not for loan | Home library | Current Library | Shelving location | Date acquired | Total checkouts | Full call number | Barcode | Date last seen | Copy number | Price effective from | Koha item type |
|---|---|---|---|---|---|---|---|---|---|---|---|---|---|---|---|
| Dewey Decimal Classification | GRACE BIBLE COLLEGE | GRACE BIBLE COLLEGE | Commentary | 2018-03-22 | 220.7 JAM | 006097 | 2025-05-01 | c.1 | 2018-03-22 | Reference Books |